When Harry Met Movie Quotes II Quiz Stats

 Plays Quiz Updated Aug 13, 2017

Challenge
Share
Tweet
Embed
Score 0/20 Timer 05:00
1 Play Today
Quote Movie % Correct
Frankly my dear, I'm in Azkaban.Gone With The Wind
77.9%
Why so Sirius?The Dark Knight
77.6%
Say 'Avada Kedavra' to my little friend! Scarface
71.6%
Are you crying? There's no crying! There's no crying in Quidditch!A League Of Their Own
71.5%
I love the smell of Floo Powder in the morning.Apocalypse Now
68.2%
If you can dodge a wrench, you can dodge a Bludger.Dodgeball
61.7%
You've got to ask yourself one question: did I drink Felix Felicis?Dirty Harry
60.7%
Ginny, stop trying to make 'Snitch' happen! It's not going to happen!Mean Girls
58.8%
Oh my gosh, look at that Fluffy three-headed dog! He's so Fluffy, I'm gonna die!Despicable Me
50.3%
No, Mr Potter, I expect you to die!Goldfinger
50%
Quote Movie % Correct
I coulda had class. I coulda been a Gryffindor. I coulda been somebody, instead of a Hufflepuff, which is what I am.On The Waterfront
49.5%
Open the Great Hall doors, please, Hagrid.2001: A Space Odyssey
43%
I have always depended on the kindness of Grangers.A Streetcar Named Desire
41.9%
Hey, I'm jinxing here! I'm jinxing here!Midnight Cowboy
41.5%
Forget it Ron, it's Knockturn Alley.Chinatown
39.3%
I can't believe I gave my Portkey to a geek.Sixteen Candles
38.9%
This Firewhiskey, I like it. Another!Thor
29.4%
We all go a little Mad-Eye sometimes.Psycho
21.5%
If they take my Nimbus then I'll set the castle on fire... Office Space
17%
No, I'm not ready at all! In fact, I've got lots more potions!The Princess and the Frog
4.4%

You're not logged in!

Compare scores with friends on all Sporcle quizzes.
Join for Free
OR
Log In

You Might Also Like...

Show Comments

Extras

Top Quizzes Today


Score Distribution

Your Account Isn't Verified!

In order to create a playlist on Sporcle, you need to verify the email address you used during registration. Go to your Sporcle Settings to finish the process.

Report this User

Report this user for behavior that violates our Community Guidelines.

Details: